Have You Ever Seen The Rain? - Creedence Clearwater Revival Lyrics - Statistics

General Stats
  • This quiz has been taken 151 times
  • The average score is 11 of 16
Answer Stats
Hint Answer % Correct
Someone ____ me long ago told
98%
There's a calm before the _____ storm
97%
I ____ it's been comin' for some time know
94%
Have you ____ seen the ____? ever rain
91%
I ___ to know want
90%
I want __ ____ to know
89%
Have ___ ____ seen the ____? you ever rain
88%
It'll rain a ____ day sunny
75%
Yesterday and ___ before days
72%
I know _____ down like water shining
66%
When it's ____ so they say over
61%
I know it can't stop I _____ wonder
54%
I know been that way for ___ __ ___ all my time
44%
Through the _____ fast and slow circle
38%
'Til ____, on it goes forever
38%
Sun is ___ and rain is ____ cold hard
32%
No matching quizzes found
Score Distribution
Percent of People with Each Score
Percentile by Number Answered
Your Score History
You have not taken this quiz